| 000 | 00617nam a22002177a 4500 | ||
|---|---|---|---|
| 003 | OSt | ||
| 005 | 20140310182816.0 | ||
| 008 | 130228t xxu||||| |||| 00| 0 eng d | ||
| 020 | _a81776486477 | ||
| 050 |
_aT 58.6 _b.R313 2004 |
||
| 100 | _aReddy, R. Jayaprakash | ||
| 245 |
_aManagement Information System and Computer Applications / _cJayaprakash, Reddy R . |
||
| 260 |
_a Delhi : _b APH, _c2004. |
||
| 300 |
_a135 p. : _c21 cm. _bill. ; |
||
| 521 | _aBSBA | ||
| 562 | _e1 | ||
| 650 | _a1. Management information systems. | ||
| 650 | _a 2. Computer application. | ||
| 942 |
_2lcc _cBK _kFOR |
||
| 999 |
_c16281 _d16281 |
||